000 00360nam a2200145Ia 4500
005 20251222153550.0
008 251222s9999||||xx |||||||||||||| ||spa||
020 _a9788429015935
082 _a340/P45
100 _aPérez Gallado, Leonardo B.
245 0 _aEl Derecho de Sucesiones en Iberoamérica:
250 _a1ra.ed.
264 _bTenis
942 _cLIB
999 _c30812
_d30812